Boston Bruins Retired Numbers - Statistics

General Stats
  • This quiz has been taken 35 times
  • The average score is 7 of 12
Answer Stats
Number Years Answer % Correct
#4 1966-76 Bobby Orr
96%
#7 1967-75 Phil Esposito
86%
#77 1979-00 Ray Bourque
86%
#9 1957-78 Johnny Bucyk
79%
#8 1986-96 Cam Neely
75%
#2 1926-40 Eddie Shore
61%
#24 1971-85 Terry O’Reilly
57%
#15 1936-55 Milt Schmidt
54%
#22 1958-61 Willie O’Ree
50%
#16 1976-88 Rick Middleton
43%
#5 1927-47 Dit Clapper
29%
#3 1925-34 Lionel Hitchman
21%
No matching quizzes found
Score Distribution
Percent of People with Each Score
Percentile by Number Answered
Your Score History
You have not taken this quiz